[Event "Ruhrgebiet Verbandsliga Gruppe 2 1819"]
[Site "Nordrheinwestfalen"]
[Date "2019.03.24"]
[Round "8.1"]
[White "Kaufeld, Juergen"]
[Black "Mancic, Ivan"]
[Result "1-0"]
[WhiteElo "2213"]
[BlackElo "2153"]
[PlyCount "85"]
[EventDate "2018.09.23"]
[EventType "team-tourn"]
[EventRounds "9"]
[EventCountry "GER"]
[SourceTitle "EXT 2022"]
[Source "ChessBase"]
[SourceDate "2021.10.06"]
[SourceVersion "1"]
[SourceVersionDate "2021.10.06"]
[SourceQuality "1"]
[WhiteTeam "Essen Werden"]
[BlackTeam "Gladbeck SG"]
[WhiteTeamCountry "GER"]
[BlackTeamCountry "GER"]

1. d4 Nf6 2. g3 d5 3. Bg2 g6 4. c4 c6 5. Nf3 Bg7 6. 0-0 0-0 7. Nbd2 Ne4 8. b3 Bf5 9. Bb2 Nd7 10. Nh4 Ndf6 11. f3 Nxd2 12. Qxd2 Be6 13. e4 dxc4 14. f4 cxb3 15. f5 Bc4 16. Rfc1 Bb5 17. axb3 Ng4 18. Rc2 e5 19. fxe6 fxe6 20. Bh3 Rf2 21. Qxf2 Nxf2 22. Bxe6+ Kh8 23. Rxf2 Bxd4 24. Rd1 c5 25. Nf3 Bxb2 26. Rxd8+ Rxd8 27. Rxb2 Rd1+ 28. Kf2 Kg7 29. Bd5 b6 30. h4 a5 31. Ne5 Rf1+ 32. Kg2 Ra1 33. Rf2 Be8 34. Nc4 b5 35. Nd6 c4 36. Nxe8+ Kh6 37. bxc4 b4 38. Rf7 b3 39. Nf6 g5 40. Ng8+ Kg6 41. Ne7+ Kh6 42. Nf5+ Kg6 43. h5+ 1-0

[Event "Ruhrgebiet Verbandsliga Gruppe 2 1819"]
[Site "Nordrheinwestfalen"]
[Date "2018.12.02"]
[Round "4"]
[White "Mancic, Ivan"]
[Black "Beckmann, Klaus"]
[Result "1-0"]
[WhiteElo "2179"]
[BlackElo "2121"]
[PlyCount "63"]
[EventDate "2018.09.23"]
[EventType "team-tourn"]
[EventRounds "9"]
[EventCountry "GER"]
[SourceTitle "EXT 2022"]
[Source "ChessBase"]
[SourceDate "2021.10.06"]
[SourceVersion "1"]
[SourceVersionDate "2021.10.06"]
[SourceQuality "1"]
[WhiteTeam "Gladbeck SG"]
[BlackTeam "Recklinghausen Sued"]
[WhiteTeamCountry "GER"]
[BlackTeamCountry "GER"]

1. d4 d6 2. Nf3 Nf6 3. g3 g6 4. Bg2 Bg7 5. 0-0 0-0 6. c4 c6 7. Nc3 Qa5 8. e4 Qh5 9. Ng5 Qxd1 10. Rxd1 Na6 11. h3 h6 12. Nf3 Be6 13. d5 cxd5 14. cxd5 Bd7 15. e5 Ne8 16. e6 fxe6 17. dxe6 Bc6 18. Nd5 Bxd5 19. Rxd5 Nac7 20. Rd1 d5 21. Be3 Nf6 22. Nd4 Rfc8 23. Rac1 Ne4 24. Ne2 g5 25. Bd4 Bxd4 26. Nxd4 Kg7 27. Nf5+ Kf6 28. Nxh6 Kxe6 29. Re1 Kf6 30. Ng4+ Kf5 31. Ne3+ Kf6 32. Rxc7 1-0

[Event "Ruhrgebiet Verbandsliga Gruppe 2 1819"]
[Site "Nordrheinwestfalen"]
[Date "2018.09.23"]
[Round "1.1"]
[White "Stemmler, Fabian"]
[Black "Mancic, Ivan"]
[Result "1-0"]
[WhiteElo "2079"]
[BlackElo "2179"]
[PlyCount "61"]
[EventDate "2018.09.23"]
[EventType "team-tourn"]
[EventRounds "9"]
[EventCountry "GER"]
[SourceTitle "EXT 2022"]
[Source "ChessBase"]
[SourceDate "2021.10.06"]
[SourceVersion "1"]
[SourceVersionDate "2021.10.06"]
[SourceQuality "1"]
[WhiteTeam "Brackel SF III"]
[BlackTeam "Gladbeck SG"]
[WhiteTeamCountry "GER"]
[BlackTeamCountry "GER"]

1. d4 Nf6 2. Nf3 d5 3. c4 e6 4. Nc3 c6 5. e3 Nbd7 6. Bd2 Bd6 7. Rc1 0-0 8. Bd3 Re8 9. 0-0 e5 10. dxe5 Nxe5 11. Nxe5 Bxe5 12. cxd5 Bxh2+ 13. Kxh2 Ng4+ 14. Kg3 h5 15. Rh1 g6 16. e4 b5 17. f3 b4 18. fxg4 bxc3 19. Bxc3 cxd5 20. Bc2 Qc7+ 21. Kf2 dxe4 22. Qd4 Qf4+ 23. Kg1 Qxc1+ 24. Bd1 Qh6 25. g5 Qh7 26. Bxh5 f6 27. Qxf6 Re6 28. Qd8+ Kf7 29. Bg4 Qxh1+ 30. Kxh1 Rc6 31. Qd5+ 1-0

[Event "Ruhrgebiet Verbandsliga Gruppe 2 1617"]
[Site "Germany"]
[Date "2016.10.30"]
[Round "3.2"]
[White "Sharma, Danesh"]
[Black "Mancic, Ivan"]
[Result "0-1"]
[WhiteElo "1920"]
[BlackElo "2050"]
[PlyCount "130"]
[EventDate "2016.09.04"]
[EventType "team-tourn"]
[EventRounds "9"]
[EventCountry "GER"]
[SourceTitle "EXT 2022"]
[Source "ChessBase"]
[SourceDate "2021.10.06"]
[SourceVersion "1"]
[SourceVersionDate "2021.10.06"]
[SourceQuality "1"]
[WhiteTeam "Welper SV II"]
[BlackTeam "Gladbeck SG"]
[WhiteTeamCountry "GER"]
[BlackTeamCountry "GER"]

1. e4 c5 2. c3 d5 3. exd5 Qxd5 4. d4 cxd4 5. cxd4 Nc6 6. Nf3 Bg4 7. Be2 e6 8. 0-0 Nf6 9. Nc3 Qa5 10. a3 Bd6 11. h3 Bh5 12. Be3 0-0 13. b4 Qd8 14. Qb3 Ne7 15. Bg5 Rc8 16. Rfe1 Bb8 17. g4 Bg6 18. Rad1 Ned5 19. Bxf6 Rxc3 20. Qxc3 Nxc3 21. Bxd8 Nxd1 22. Be7 Re8 23. Bxd1 Rxe7 24. d5 Kf8 25. dxe6 Rxe6 26. Rxe6 fxe6 27. Nd4 Bf7 28. Bf3 e5 29. Nf5 g6 30. Ne3 b6 31. Nd5 h6 32. Kf1 Ke8 33. Ke2 Kd7 34. Kd3 Kd6 35. Ne3 b5 36. Be4 Bc7 37. Nd1 Bb6 38. Ne3 Bd4 39. Kc2 Be8 40. Kb3 Bf7+ 41. Kc2 Bb6 42. Kd3 Bd8 43. Kc3 Bh4 44. f3 a5 45. Ng2 Bd8 46. Ne3 Bb6 47. Kd3 Bd8 48. Kc3 Bg5 49. Kd3 a4 50. Ke2 Bd8 51. Kd3 Bb6 52. Kd2 Bd4 53. Nd1 g5 54. Bd3 Bd5 55. Bxb5 Bxf3 56. Ne3 Bxe3+ 57. Kxe3 Bd1 58. Ke4 Bb3 59. Kf5 Bc2+ 60. Kf6 e4 61. Kg7 Ke5 62. Be2 Bd3 63. Bd1 e3 64. Kxh6 Kf4 65. Kg7 e2 0-1

[Event "Ruhrgebiet Regionalliga 1516"]
[Site "Germany"]
[Date "2016.02.07"]
[Round "6.3"]
[White "Mancic, Ivan"]
[Black "Schneider, Bernd"]
[Result "1/2-1/2"]
[WhiteElo "2060"]
[BlackElo "2305"]
[PlyCount "150"]
[EventDate "2015.09.13"]
[EventType "team-tourn"]
[EventRounds "9"]
[EventCountry "GER"]
[SourceTitle "EXT 2022"]
[Source "ChessBase"]
[SourceDate "2021.10.06"]
[SourceVersion "1"]
[SourceVersionDate "2021.10.06"]
[SourceQuality "1"]
[WhiteTeam "Gladbeck SG"]
[BlackTeam "Bochum SV"]
[WhiteTeamCountry "GER"]
[BlackTeamCountry "GER"]

1. d4 g6 2. Nf3 Bg7 3. g3 d6 4. Bg2 Nf6 5. 0-0 0-0 6. c4 Nc6 7. Nc3 a6 8. Qd3 e5 9. dxe5 dxe5 10. Qxd8 Rxd8 11. Bg5 Be6 12. Nd5 Bxd5 13. cxd5 Rxd5 14. Nd2 Rb5 15. Bxc6 bxc6 16. Bxf6 Bxf6 17. b3 Rd8 18. Nc4 e4 19. Rac1 Be7 20. Kg2 f6 21. Rc2 Kf7 22. f3 exf3+ 23. exf3 Rbd5 24. Re1 Bb4 25. Rec1 Rd3 26. Re2 Re8 27. Rxe8 Kxe8 28. Rc2 Kd7 29. Kf2 Rd5 30. Ke2 Rh5 31. Kd3 Rd5+ 32. Ke2 Bd6 33. f4 Bb4 34. Ne3 Rd6 35. Nc4 Re6+ 36. Kf3 Re1 37. Kf2 Ra1 38. Kf3 Bd6 39. Na5 c5 40. Nc4 Rd1 41. Nd2 f5 42. Ke2 Rh1 43. Nf1 g5 44. Kf2 gxf4 45. gxf4 Bxf4 46. Kg2 Rxf1 47. Kxf1 Kc6 48. h3 Bg5 49. Ke2 a5 50. Kf3 Kd5 51. Rc4 h6 52. Ra4 Bd2 53. Ke2 Bb4 54. Kd3 c4+ 55. bxc4+ Kc5 56. a3 Be1 57. Ke2 Bc3 58. Ke3 Be1 59. Kf4 Kb6 60. c5+ Kxc5 61. Kxf5 Bd2 62. h4 Kd5 63. Rg4 c5 64. Rg8 Bc1 65. Ra8 Bxa3 66. Rxa5 Bb4 67. Rb5 Kd4 68. Rb6 Bd2 69. Rd6+ Kc3 70. Ke4 c4 71. Kd5 Kb3 72. Rb6+ Bb4 73. Rxh6 c3 74. Rc6 c2 75. Kd4 Bd2 1/2-1/2

[Event "Ruhrgebiet Regionalliga 1516"]
[Site "Germany"]
[Date "2015.10.18"]
[Round "2.3"]
[White "Mancic, Ivan"]
[Black "Steinmetzer, Thomas"]
[Result "1/2-1/2"]
[WhiteElo "2063"]
[BlackElo "2161"]
[PlyCount "70"]
[EventDate "2015.09.13"]
[EventType "team-tourn"]
[EventRounds "9"]
[EventCountry "GER"]
[SourceTitle "EXT 2022"]
[Source "ChessBase"]
[SourceDate "2021.10.06"]
[SourceVersion "1"]
[SourceVersionDate "2021.10.06"]
[SourceQuality "1"]
[WhiteTeam "Gladbeck SG"]
[BlackTeam "Brackel SF"]
[WhiteTeamCountry "GER"]
[BlackTeamCountry "GER"]

1. d4 d5 2. c4 e6 3. g3 Nf6 4. Nf3 Be7 5. Bg2 0-0 6. 0-0 dxc4 7. Ne5 c5 8. dxc5 Qc7 9. Nxc4 Qxc5 10. Qb3 Nc6 11. Be3 Qh5 12. Nc3 Ng4 13. h3 Nxe3 14. Nxe3 Bc5 15. Nc2 Qg6 16. Na4 Nd4 17. Nxd4 Bxd4 18. e3 Be5 19. Rfd1 Rb8 20. Nc5 b6 21. Nd7 Bxd7 22. Rxd7 Qf6 23. Rad1 Bxb2 24. Rxa7 Bc3 25. Rad7 b5 26. Bb7 b4 27. a3 bxa3 28. Qxa3 Bb2 29. Qd3 Qg5 30. h4 Qc5 31. Qe4 Bf6 32. Qd3 g6 33. Qe4 Rbd8 34. Qf3 Rxd7 35. Rxd7 Rd8 1/2-1/2

[Event "Ruhrgebiet Verbandsliga Gruppe 1 1415"]
[Site "Germany"]
[Date "2015.02.08"]
[Round "6"]
[White "Ribbeheger, Edgar"]
[Black "Mancic, Ivan"]
[Result "1-0"]
[WhiteElo "1984"]
[BlackElo "2051"]
[PlyCount "61"]
[EventDate "2014.09.21"]
[EventType "team-tourn"]
[EventRounds "9"]
[EventCountry "GER"]
[SourceTitle "EXT 2022"]
[Source "ChessBase"]
[SourceDate "2021.10.06"]
[SourceVersion "1"]
[SourceVersionDate "2021.10.06"]
[SourceQuality "1"]
[WhiteTeam "Herne Sodingen II"]
[BlackTeam "Gladbeck SG"]
[WhiteTeamCountry "GER"]
[BlackTeamCountry "GER"]

1. d4 e6 2. Nc3 d5 3. e4 Bb4 4. e5 c5 5. a3 cxd4 6. axb4 dxc3 7. bxc3 Qc7 8. Nf3 Qxc3+ 9. Bd2 Qc7 10. Bd3 Nc6 11. Qe2 f6 12. exf6 Nxf6 13. b5 Ne7 14. 0-0 0-0 15. Ne5 Nf5 16. Ra4 Ne4 17. Rxe4 dxe4 18. Qxe4 g6 19. c4 Qc5 20. Bc3 a5 21. Qg4 Ne3 22. Qh4 Nxf1 23. Bd4 Qc7 24. Ng4 Rf5 25. Bxf5 exf5 26. Qf6 fxg4 27. Qh8+ Kf7 28. Qxh7+ Ke6 29. Qxc7 Nd2 30. Qe5+ Kd7 31. Bc5 1-0

[Event "Ruhrgebiet Verbandsliga Gruppe 1 1415"]
[Site "Germany"]
[Date "2015.01.18"]
[Round "5.3"]
[White "Mancic, Ivan"]
[Black "Schuetze, Andre"]
[Result "1-0"]
[WhiteElo "2051"]
[BlackElo "2133"]
[PlyCount "53"]
[EventDate "2014.09.21"]
[EventType "team-tourn"]
[EventRounds "9"]
[EventCountry "GER"]
[SourceTitle "EXT 2022"]
[Source "ChessBase"]
[SourceDate "2021.10.06"]
[SourceVersion "1"]
[SourceVersionDate "2021.10.06"]
[SourceQuality "1"]
[WhiteTeam "Gladbeck SG"]
[BlackTeam "Horst Emscher"]
[WhiteTeamCountry "GER"]
[BlackTeamCountry "GER"]

1. d4 Nf6 2. g3 c5 3. d5 e6 4. c4 exd5 5. cxd5 d6 6. Bg2 g6 7. Nf3 Bg7 8. 0-0 0-0 9. Nc3 Re8 10. Nd2 b6 11. h3 Ba6 12. a4 Qe7 13. Re1 Bd3 14. Nb3 Bc4 15. Nd2 Bd3 16. Nb3 Be4 17. f3 c4 18. Nd4 Bd3 19. Ne6 Bxe2 20. Rxe2 fxe6 21. Rxe6 Qf8 22. Bf4 Rxe6 23. dxe6 d5 24. Kh2 d4 25. Nb5 Nd5 26. Bd6 Qf6 27. f4 1-0

[Event "Ruhrgebiet Verbandsliga Gruppe 1 1415"]
[Site "Germany"]
[Date "2014.11.16"]
[Round "3"]
[White "Mancic, Ivan"]
[Black "Mueller Clostermann, Bruno"]
[Result "1/2-1/2"]
[WhiteElo "2039"]
[BlackElo "2010"]
[PlyCount "139"]
[EventDate "2014.09.21"]
[EventType "team-tourn"]
[EventRounds "9"]
[EventCountry "GER"]
[SourceTitle "EXT 2022"]
[Source "ChessBase"]
[SourceDate "2021.10.06"]
[SourceVersion "1"]
[SourceVersionDate "2021.10.06"]
[SourceQuality "1"]
[WhiteTeam "Gladbeck SG"]
[BlackTeam "Katernberg SF III"]
[WhiteTeamCountry "GER"]
[BlackTeamCountry "GER"]

1. d4 d6 2. Nf3 g6 3. g3 Bg7 4. Bg2 f5 5. 0-0 Nf6 6. c4 0-0 7. Nc3 e6 8. Qc2 Nc6 9. d5 Nb4 10. Qb3 Na6 11. dxe6 Nc5 12. Qc2 Bxe6 13. Nb5 Nfe4 14. Rb1 a5 15. b3 Qe7 16. Bb2 Rad8 17. Rbd1 Kh8 18. Bxg7+ Qxg7 19. Nbd4 Bc8 20. e3 Rde8 21. Rfe1 g5 22. a3 Bd7 23. Nd2 b6 24. Rc1 h5 25. b4 Ba4 26. N2b3 Nxb3 27. Nxb3 h4 28. Qd3 hxg3 29. hxg3 axb4 30. axb4 Bxb3 31. Qxb3 Qe5 32. Qd3 Ra8 33. Qe2 Kg7 34. Bxe4 fxe4 35. Rc2 Ra1 36. Ra2 Rxa2 37. Qxa2 Qf5 38. Qb2+ Kg6 39. c5 bxc5 40. bxc5 dxc5 41. Ra1 Qf6 42. Qxf6+ Rxf6 43. Rc1 Rc6 44. Rc4 Kf5 45. f3 exf3 46. g4+ Ke5 47. Kf2 Kd5 48. Rc1 Rf6 49. Rd1+ Kc6 50. Rc1 Kb5 51. Rb1+ Ka4 52. Rc1 Rc6 53. Kxf3 c4 54. e4 Kb3 55. e5 Kb2 56. Re1 Re6 57. Ke4 c3 58. Kf5 Re8 59. Kxg5 c2 60. Kf6 c1Q 61. Rxc1 Kxc1 62. g5 c5 63. g6 c4 64. g7 c3 65. e6 c2 66. Kf7 Ra8 67. g8Q Rxg8 68. Kxg8 Kb2 69. e7 c1Q 70. e8Q 1/2-1/2

[Event "NRW Verbandsliga Group1 1314"]
[Site "Nordrheinwestfalen"]
[Date "2013.11.03"]
[Round "3"]
[White "Gunkel, Christian"]
[Black "Mancic, Ivan"]
[Result "1-0"]
[WhiteElo "2009"]
[BlackElo "2038"]
[PlyCount "111"]
[EventDate "2013.09.08"]
[EventType "team-tourn"]
[EventRounds "9"]
[EventCountry "GER"]
[SourceTitle "EXT 2020"]
[Source "ChessBase"]
[SourceDate "2019.10.17"]
[SourceVersion "1"]
[SourceVersionDate "2019.10.17"]
[SourceQuality "1"]
[WhiteTeam "Listiger Bauer Essen"]
[BlackTeam "Gladbeck SG"]
[WhiteTeamCountry "GER"]
[BlackTeamCountry "GER"]

1. Nf3 Nf6 2. c4 g6 3. d4 Bg7 4. g3 c6 5. Bg2 0-0 6. 0-0 d5 7. Nbd2 Ne4 8. e3 Bf5 9. Qb3 Qb6 10. Nh4 Nxd2 11. Bxd2 dxc4 12. Qxc4 Be6 13. Qc2 Nd7 14. Bc3 Rac8 15. Rfd1 Nf6 16. e4 Rfd8 17. h3 Nh5 18. Nf3 h6 19. Qd2 Qc7 20. Qe1 Bc4 21. b3 Ba6 22. Rac1 Qd7 23. Kh2 Nf6 24. Ne5 Qe8 25. f4 Nd7 26. Nc4 Bxc4 27. bxc4 c5 28. d5 Bxc3 29. Qxc3 a6 30. Rb1 Rb8 31. a4 b6 32. e5 Nf8 33. Ra1 b5 34. cxb5 axb5 35. Qxc5 bxa4 36. Qd4 Rdc8 37. Rd2 Rb3 38. Qxa4 Qxa4 39. Rxa4 Rcc3 40. g4 Nd7 41. Ra7 Nc5 42. Rxe7 Kf8 43. Ra7 Ra3 44. Rxa3 Rxa3 45. Rc2 Ra5 46. d6 Ke8 47. Bc6+ Kd8 48. Rb2 Kc8 49. Rc2 Kd8 50. f5 g5 51. Rb2 Kc8 52. Re2 Ra6 53. Be8 f6 54. exf6 Rxd6 55. f7 Rf6 56. Rc2 1-0

[Event "Ruhrgebiet Verbandsliga2 1213"]
[Site "Nordrheinwestfalen"]
[Date "2013.01.13"]
[Round "5.3"]
[White "Limbourg, Philipp"]
[Black "Mancic, Ivan"]
[Result "1/2-1/2"]
[WhiteElo "2074"]
[BlackElo "2046"]
[PlyCount "92"]
[EventDate "2012.09.02"]
[EventType "team-tourn"]
[EventRounds "9"]
[EventCountry "GER"]
[SourceTitle "EXT 2020"]
[Source "ChessBase"]
[SourceDate "2019.10.17"]
[SourceVersion "1"]
[SourceVersionDate "2019.10.17"]
[SourceQuality "1"]
[WhiteTeam "Muelheim Nord III"]
[BlackTeam "Gladbeck SG"]
[WhiteTeamCountry "GER"]
[BlackTeamCountry "GER"]

1. e4 c5 2. Nc3 d6 3. f4 g6 4. Nf3 Bg7 5. Bc4 Nc6 6. 0-0 Nf6 7. d3 0-0 8. Qe1 Nd4 9. Bb3 a5 10. Ba4 Bd7 11. Bxd7 Nxd7 12. Qf2 a4 13. a3 e6 14. Be3 Qb6 15. Rab1 Nxf3+ 16. Qxf3 Qc6 17. f5 exf5 18. exf5 Qxf3 19. gxf3 Bxc3 20. bxc3 b6 21. c4 Rfe8 22. Bf4 gxf5 23. Bxd6 Re6 24. Bf4 Rae8 25. Bd2 f6 26. Rfe1 Ne5 27. Kf2 Kf7 28. Bc3 Rg8 29. Bxe5 fxe5 30. f4 exf4 31. Rxe6 Kxe6 32. Rxb6+ Ke5 33. Ra6 Kd4 34. Rxa4 Kc3 35. Ra7 Kxc2 36. Rc7 Kxd3 37. Rxc5 Ke4 38. Rc7 f3 39. Rxh7 Rg2+ 40. Kf1 Rc2 41. Re7+ Kf4 42. Rh7 Rc1+ 43. Kf2 Rc2+ 44. Kf1 Ra2 45. c5 Rc2 46. Rc7 Rc1+ 1/2-1/2

[Event "Ruhrgebiet Verbandsliga2 1213"]
[Site "Nordrheinwestfalen"]
[Date "2012.09.02"]
[Round "1.3"]
[White "Delvos, Thorsten"]
[Black "Mancic, Ivan"]
[Result "1/2-1/2"]
[WhiteElo "1950"]
[BlackElo "2046"]
[PlyCount "96"]
[EventDate "2012.09.02"]
[EventType "team-tourn"]
[EventRounds "9"]
[EventCountry "GER"]
[SourceTitle "EXT 2020"]
[Source "ChessBase"]
[SourceDate "2019.10.17"]
[SourceVersion "1"]
[SourceVersionDate "2019.10.17"]
[SourceQuality "1"]
[WhiteTeam "Mengede SG"]
[BlackTeam "Gladbeck SG"]
[WhiteTeamCountry "GER"]
[BlackTeamCountry "GER"]

1. g3 d5 2. Bg2 c6 3. d3 g6 4. Nd2 Nf6 5. e3 Bg7 6. Ne2 0-0 7. h3 a5 8. 0-0 a4 9. a3 Nbd7 10. f4 Qb6 11. Nf3 Qc7 12. Bd2 e5 13. Bc3 Nh5 14. g4 d4 15. Be1 Nhf6 16. fxe5 Nd5 17. exd4 Ne3 18. Qd2 Nxf1 19. Bxf1 Qb6 20. Qb4 Qc7 21. Bg3 c5 22. Qc3 Qb6 23. dxc5 Qxc5+ 24. d4 Qxc3 25. Nxc3 Nb6 26. Bb5 Be6 27. Rd1 Bc4 28. Kf2 f6 29. Bxc4+ Nxc4 30. e6 Nxb2 31. Rb1 Rfc8 32. Rxb2 Rxc3 33. d5 Bf8 34. d6 Bxd6 35. Bxd6 Rc6 36. Bf4 Rxe6 37. Rxb7 Rae8 38. Rb8 Rxb8 39. Bxb8 Rc6 40. Kg3 Rxc2 41. Bd6 Kf7 42. Bb4 Ke8 43. Nd4 Rc4 44. Nb5 Rc6 45. Nc3 Ra6 46. Kf4 Kd7 47. Ne4 Ke8 48. Bc3 Rc6 1/2-1/2

[Event "Ruhrgebiet Verbandsliga2 1112"]
[Site "Nordrheinwestfalen"]
[Date "2012.03.04"]
[Round "7.7"]
[White "Kotlar, Alfred"]
[Black "Mancic, Ivan"]
[Result "0-1"]
[WhiteElo "1896"]
[BlackElo "2067"]
[PlyCount "122"]
[EventDate "2011.09.18"]
[EventType "team-tourn"]
[EventRounds "9"]
[EventCountry "GER"]
[SourceTitle "EXT 2020"]
[Source "ChessBase"]
[SourceDate "2019.10.17"]
[SourceVersion "1"]
[SourceVersionDate "2019.10.17"]
[SourceQuality "1"]
[WhiteTeam "Recklinghausen Altstadt"]
[BlackTeam "Gladbeck SG"]
[WhiteTeamCountry "GER"]
[BlackTeamCountry "GER"]

1. d4 e6 2. Nf3 f5 3. Bf4 Nf6 4. e3 b6 5. Nbd2 Bb7 6. Bc4 Be7 7. h3 Nc6 8. c3 0-0 9. 0-0 d5 10. Be2 Bd6 11. Bh2 Bxh2+ 12. Kxh2 Qd6+ 13. g3 Ne4 14. Ne1 Ne7 15. f4 c5 16. Nd3 Ba6 17. Nf3 Bxd3 18. Bxd3 Nc6 19. Bb5 Ne7 20. Ne5 Ng6 21. Nf3 c4 22. Ba4 b5 23. Bc2 Nf6 24. Ne5 b4 25. cxb4 Qxb4 26. b3 Nxe5 27. fxe5 cxb3 28. Bxb3 Nd7 29. Rb1 Qa5 30. Rc1 Rac8 31. Qd3 Qa3 32. Rc2 Rxc2+ 33. Qxc2 Nb6 34. Qc6 Qe7 35. h4 Rc8 36. Qb5 g5 37. Kh3 Rc3 38. Re1 Kg7 39. Qf1 g4+ 40. Kg2 Qb4 41. Qa6 Rxb3 42. axb3 Qxe1 43. Qxa7+ Kg6 44. Qxb6 Qe2+ 45. Kg1 Qxe3+ 46. Kf1 Qf3+ 47. Ke1 Qxg3+ 48. Kd2 Qf2+ 49. Kc3 Kh5 50. Qxe6 Qe3+ 51. Kc2 Qe4+ 52. Kc3 Kxh4 53. Qf6+ Kh3 54. e6 g3 55. Qh6+ Kg4 56. Qg7+ Kf3 57. e7 g2 58. b4 Kf2 59. Qe5 g1Q 60. e8Q Qc1+ 61. Kb3 Qec2# 0-1

[Event "Ruhrgebiet Verbandsliga2 1112"]
[Site "Nordrheinwestfalen"]
[Date "2011.11.13"]
[Round "3.7"]
[White "Mancic, Ivan"]
[Black "Galle, Wolfgang"]
[Result "1-0"]
[WhiteElo "2067"]
[BlackElo "1875"]
[PlyCount "65"]
[EventDate "2011.09.18"]
[EventType "team-tourn"]
[EventRounds "9"]
[EventCountry "GER"]
[SourceTitle "EXT 2020"]
[Source "ChessBase"]
[SourceDate "2019.10.17"]
[SourceVersion "1"]
[SourceVersionDate "2019.10.17"]
[SourceQuality "1"]
[WhiteTeam "Gladbeck SG"]
[BlackTeam "Muelheim SC"]
[WhiteTeamCountry "GER"]
[BlackTeamCountry "GER"]

1. d4 e6 2. Nf3 c5 3. g3 b6 4. Bg2 Bb7 5. 0-0 Nf6 6. c4 Be7 7. Nc3 Ne4 8. Nxe4 Bxe4 9. Be3 0-0 10. Qd2 d6 11. Rfd1 Qc7 12. Bg5 Bxg5 13. Qxg5 Na6 14. Qh4 Bxf3 15. Bxf3 Rad8 16. b3 Rd7 17. Rd2 Qd8 18. Qf4 Nb8 19. Rad1 cxd4 20. Qxd4 Qe7 21. Qb2 Rfd8 22. Qa3 a5 23. Qa4 Rc8 24. Qb5 Qd8 25. Qh5 Rc5 26. Qh4 Qc7 27. Qf4 Rf5 28. Qh4 Rc5 29. Qf4 Re5 30. Rd3 Rf5 31. Qd2 d5 32. cxd5 exd5 33. Bg4 1-0

[Event "Ruhrgebiet Verbandsliga2 1112"]
[Site "Nordrheinwestfalen"]
[Date "2011.09.18"]
[Round "1.6"]
[White "Dukic, Dalibor"]
[Black "Mancic, Ivan"]
[Result "1/2-1/2"]
[WhiteElo "1944"]
[BlackElo "2067"]
[PlyCount "148"]
[EventDate "2011.09.18"]
[EventType "team-tourn"]
[EventRounds "9"]
[EventCountry "GER"]
[SourceTitle "EXT 2020"]
[Source "ChessBase"]
[SourceDate "2019.10.17"]
[SourceVersion "1"]
[SourceVersionDate "2019.10.17"]
[SourceQuality "1"]
[WhiteTeam "Hamm SVg"]
[BlackTeam "Gladbeck SG"]
[WhiteTeamCountry "GER"]
[BlackTeamCountry "GER"]

1. c4 e6 2. Nf3 d5 3. d4 c6 4. Qc2 Nf6 5. e3 Nbd7 6. Bd3 Bd6 7. Nbd2 0-0 8. 0-0 Qc7 9. Rd1 b6 10. cxd5 cxd5 11. Qxc7 Bxc7 12. b3 Bd6 13. Bb2 Bb7 14. Rac1 Rac8 15. Nb1 Rxc1 16. Rxc1 Rc8 17. Rxc8+ Bxc8 18. Nc3 Ne8 19. Nb5 Bb8 20. Na3 f6 21. Nc2 Bd6 22. b4 a6 23. a4 Kf7 24. Bc3 g6 25. Nd2 Be7 26. f3 Nd6 27. e4 dxe4 28. fxe4 f5 29. e5 Ne8 30. Nc4 Nc7 31. g3 Nd5 32. Bd2 Nb8 33. N4e3 Nc7 34. Nc4 Nd7 35. N2e3 Nd5 36. Nxd5 exd5 37. Ne3 Bb7 38. h4 Nf8 39. Ng2 Ne6 40. Bc3 Bd8 41. Kf2 Be7 42. Ke3 Bf8 43. Nf4 Bh6 44. Kf3 Bxf4 45. gxf4 Ke7 46. Ke3 Kd8 47. h5 Ke7 48. Be1 Kf7 49. Bh4 Ke8 50. Be1 Kd8 51. Bh4+ Kc7 52. Be7 Kd7 53. Bh4 Nc7 54. Kf3 Bc6 55. Bc2 b5 56. a5 Ke8 57. Bf2 Bd7 58. Kg3 Ne6 59. Be3 Nd8 60. hxg6 hxg6 61. Bd2 Kf7 62. Kh4 Kg7 63. Bd3 Kh6 64. Be2 Be6 65. Bf3 Nf7 66. Be3 Kg7 67. Bd2 Nd8 68. Kg5 Bf7 69. Kh4 Kf8 70. Be2 Be8 71. Bf3 Bc6 72. Be2 Ne6 73. Be3 Kg7 74. Bf3 Nf8 1/2-1/2

[Event "Muensterland op 28th"]
[Site "Senden"]
[Date "2010.10.16"]
[Round "1"]
[White "Mancic, Ivan"]
[Black "Torres Kuckel, Rafael"]
[Result "1-0"]
[WhiteElo "1996"]
[BlackElo "2274"]
[PlyCount "153"]
[EventDate "2010.10.16"]
[EventType "swiss"]
[EventRounds "9"]
[EventCountry "GER"]
[SourceTitle "CBM 138 Extra"]
[Source "ChessBase"]
[SourceDate "2010.10.29"]
[SourceVersion "1"]
[SourceVersionDate "2010.10.29"]
[SourceQuality "1"]

1. Nf3 f5 2. d4 g6 3. g3 Bg7 4. Bg2 Nf6 5. 0-0 0-0 6. c4 d6 7. Nc3 Qe8 8. d5 a5 9. Nd4 Na6 10. Ncb5 Bd7 11. h3 c6 12. Nc3 Nc5 13. Be3 h6 14. Nc2 cxd5 15. Nxd5 Nxd5 16. cxd5 Bxb2 17. Rb1 Bg7 18. Bxc5 dxc5 19. Rxb7 f4 20. gxf4 Rxf4 21. d6 Rd8 22. dxe7 Qxe7 23. Qd2 Rff8 24. Rd1 Qh4 25. Rxd7 Qxf2+ 26. Kh1 Rxd7 27. Qxd7 Qxe2 28. Qd3 Rf2 29. Qxe2 Rxe2 30. Bd5+ Kh7 31. Ne1 g5 32. Nf3 Re3 33. Kg2 Bc3 34. Rd3 Rxd3 35. Be4+ Kg7 36. Bxd3 Kf6 37. Ng1 Ke5 38. Ne2 Bd2 39. Kf3 h5 40. Bc4 Be1 41. Ke3 g4 42. hxg4 hxg4 43. Nc1 Kd6 44. Nd3 Bh4 45. Kf4 g3 46. Kf3 Kc6 47. a4 Kd6 48. Kg2 Kc6 49. Ne5+ Kd6 50. Nf3 Bf6 51. Kxg3 Bc3 52. Kf4 Bb2 53. Kf5 Bc3 54. Ng5 Bd4 55. Ne4+ Kc6 56. Ke6 Bg1 57. Bb5+ Kb6 58. Nd2 c4 59. Nxc4+ Kc5 60. Nxa5 Kb4 61. Nc6+ Kc5 62. Ne5 Bd4 63. Nd7+ Kb4 64. Kd5 Bg1 65. Kc6 Ka5 66. Ne5 Kb4 67. Nc4 Bf2 68. a5 Bg1 69. a6 Ba7 70. Nd6 Ka5 71. Bd3 Bg1 72. Kb7 Ka4 73. Kc6 Bf2 74. Bb5+ Kb4 75. Nc4 Ba7 76. Kb7 Bf2 77. Nb6 1-0

[Event "Deggendorf op 2nd"]
[Site "Deggendorf"]
[Date "2008.05.18"]
[Round "5"]
[White "Mancic, Ivan"]
[Black "Froechel, Marcel"]
[Result "1-0"]
[WhiteElo "1835"]
[BlackElo "1708"]
[PlyCount "81"]
[EventDate "2008.05.16"]
[EventType "swiss"]
[EventRounds "5"]
[EventCountry "GER"]
[SourceTitle "CBM 124 Extra"]
[Source "ChessBase"]
[SourceDate "2008.07.03"]
[SourceVersion "1"]
[SourceVersionDate "2008.07.03"]
[SourceQuality "1"]

1. e4 e6 2. d4 d5 3. exd5 exd5 4. Nf3 Bd6 5. Be2 Ne7 6. 0-0 Nbc6 7. Re1 Bg4 8. c3 f6 9. Nbd2 Qd7 10. b4 a6 11. a4 0-0 12. h3 Bh5 13. Qb3 Bf7 14. Nf1 Nd8 15. Bd3 c6 16. Qc2 Bg6 17. Nh4 Bxd3 18. Qxd3 Nf7 19. Ne3 Rae8 20. Ba3 Kh8 21. Reb1 Ng5 22. Nhf5 Nxf5 23. Nxf5 Bc7 24. b5 Rf7 25. bxa6 bxa6 26. Ne3 Nxh3+ 27. Kf1 Nf4 28. Qf5 Ne6 29. Rb7 g6 30. Qc2 Ra8 31. Rab1 Rg7 32. Ng4 Nd8 33. Nxf6 Qe6 34. Re1 Qxe1+ 35. Kxe1 Nxb7 36. Qe2 Nd6 37. Kd1 Nc4 38. Ne8 Rf7 39. Qe6 Rxf2 40. Bc1 Bf4 41. Qf6+ 1-0